A-Level Geography Coasts Case Study Stats - Statistics

General Stats
  • This quiz has been taken 8 times
  • The average score is 10 of 48
Answer Stats
Hint Answer % Correct
Coasts Case Studies- holderness
88%
Mappleton Defense Groyne
63%
Geology Boulder clay
38%
Dalmatian
38%
maldives
38%
What are they doing in Kilnsea Managed retreat
38%
Managed retreat
38%
Easington Defense Rip Rap
38%
Withersea Defense sea wall
38%
How many coral islands does it consist of ? 1000
25%
Year 2007
25%
% of supply Easington supplies 25
25%
Mappleton per year (M) 4
25%
Cyclone sidr what CAT 4
25%
Length in km 60
25%
bangladesh
25%
What stratergies have they used Beach nourishment
25%
What are they doing in the south Do nothing
25%
Fjord
25%
What are all these defense approaches doing? Hold the line
25%
Winds up to (mph) 130mph
13%
Erosion per year in M 1.5-2
13%
Cost 1.7 bil
13%
How many people displaced 200,000
13%
Mappleton Cost 2 mil
13%
Deaths 3400
13%
Affected 3 mil
13%
Withersea Cost 6 mil
13%
What % of the land area is at risk if sea level would rise by 1 m 77%
13%
Formed in which bay Bay of bengal
13%
Concordant Coast Examples- Dalmatian coast
13%
When did it happen during high tide
13%
North flambourgh head
13%
Haff coast - baltic sea
13%
pevensy
13%
Emergent Examples- Raised Beaches- Isle of arran
13%
Relict cliff- fife scotland
13%
Submergent Examples- Rias
13%
Name of a Framework used to manage cost Shoreline management plan
13%
Statergy used Soft engieering
13%
South sprun head
13%
Projected sea level by 2100? 0.5 to 1 m
0%
Land effected 1.3 mil hecteres
0%
Average elevation 1.5 metres above sea level
0%
Discordant Example- Bay and Headlands
0%
Dune management
0%
Reason why ? Global warmingthermal expansion melting of polar ice sheet land based ice
0%
Responses UNFCCC to advocate stronger global action
0%
No matching quizzes found
Score Distribution
Percent of People with Each Score
Percentile by Number Answered
Your Score History
You have not taken this quiz